[Event "Memorial Romana Baka OPEN FIDE"]
[Site "Starochorzowski Dom Kultury"]
[Date "2013.09.28"]
[Round "1.1"]
[White "Stachanczyk, Jacek"]
[Black "Korcz, Daniel"]
[Result "1-0"]
[WhiteElo "2227"]
[BlackElo "1795"]
[PlyCount "57"]
[EventDate "2013.??.??"]

1. e4 e5 2. Nc3 Nf6 3. g3 Bc5 4. Bg2 Nc6 5. d3 d6 6. Nge2 Bg4 7. h3 Be6 8. Nd5
Nb4 9. Nxb4 Bxb4+ 10. c3 Ba5 11. O-O O-O 12. f4 Bb6+ 13. Kh2 exf4 14. Nxf4 Nd7
15. d4 Bc4 16. Rf2 c6 17. Be3 Qe7 18. b3 Ba6 19. Qc2 f5 20. Re1 fxe4 21. Bxe4
g5 22. Nh5 Rxf2+ 23. Bxf2 Qf7 24. g4 d5 25. Bxh7+ Kh8 26. Bg3 Rf8 27. Bf5 Bd8
28. Bxd7 Qxd7 29. Be5+ 1-0

[Event "Memorial Romana Baka OPEN FIDE"]
[Site "Starochorzowski Dom Kultury"]
[Date "2013.09.28"]
[Round "1.2"]
[White "Bilczewski, Kacper"]
[Black "Raszka, Janusz"]
[Result "0-1"]
[WhiteElo "1781"]
[BlackElo "2192"]
[PlyCount "68"]
[EventDate "2013.??.??"]

1. e4 e6 2. d4 d5 3. Nd2 Nf6 4. e5 Nfd7 5. Bd3 c5 6. c3 Nc6 7. Ne2 Qb6 8. Nf3
cxd4 9. cxd4 f6 10. Nf4 fxe5 11. dxe5 Bb4+ 12. Kf1 Nc5 13. Be3 Qc7 14. Ng5 Nxd3
15. Qh5+ g6 16. Nxg6 hxg6 17. Qxh8+ Kd7 18. Qg8 Qxe5 19. Qxg6 Nxb2 20. Rb1 Nc4
21. Qf7+ Be7 22. Bf4 Qf6 23. Qxf6 Bxf6 24. h4 e5 25. Bc1 Ke7 26. h5 b6 27. Rb5
Ba6 28. Rb3 Nd2+ 29. Ke1 Nxb3 30. axb3 Nd4 31. h6 Rc8 32. Bd2 Nxb3 33. Bb4+ Kd7
34. Rh5 Rc1# 0-1

[Event "Memorial Romana Baka OPEN FIDE"]
[Site "Starochorzowski Dom Kultury"]
[Date "2013.09.28"]
[Round "1.3"]
[White "Morkisz, Bogdan"]
[Black "Krol, Rafal"]
[Result "1-0"]
[WhiteElo "2134"]
[BlackElo "1771"]
[PlyCount "45"]
[EventDate "2013.??.??"]

1. e4 c6 2. d4 d5 3. e5 c5 4. dxc5 e6 5. Be3 Nd7 6. Bb5 Qc7 7. Nf3 Bxc5 8. Bxc5
Qxc5 9. Nc3 Ne7 10. O-O O-O 11. Bd3 Ng6 12. Re1 Nf4 13. Re3 f6 14. Ne2 Nxe2+
15. Qxe2 f5 16. c3 Nb6 17. Nd4 Bd7 18. f4 Qe7 19. Kh1 Kh8 20. Rg1 Rf7 21. Rh3
Rg8 22. Rxh7+ Kxh7 23. Qh5# 1-0

[Event "Memorial Romana Baka OPEN FIDE"]
[Site "Starochorzowski Dom Kultury"]
[Date "2013.09.28"]
[Round "1.4"]
[White "Klementys, Jerzy"]
[Black "Faron, Rafal"]
[Result "1-0"]
[WhiteElo "1766"]
[BlackElo "2021"]
[PlyCount "69"]
[EventDate "2013.??.??"]

1. d4 Nf6 2. c4 g6 3. Nf3 Bg7 4. Nc3 d5 5. e3 O-O 6. Qb3 c6 7. Bd3 dxc4 8. Bxc4
Nfd7 9. O-O Nb6 10. Be2 Be6 11. Qc2 Bg4 12. h3 Bxf3 13. Bxf3 e5 14. dxe5 Bxe5
15. Rd1 Qe7 16. b3 Na6 17. Bb2 Nb4 18. Qe2 Rad8 19. Ne4 N4d5 20. Rac1 f5 21.
Nc5 Bd6 22. Nd3 Nf6 23. Qc2 Ne4 24. Bd4 Ng5 25. Be2 Ne6 26. Ba1 Nd5 27. Ne1 Nf6
28. Nf3 Ne4 29. a4 Rfe8 30. Bc4 Ba3 31. Rxd8 Qxd8 32. Rd1 Qe7 33. Nd4 Qf7 34.
Nxe6 Rxe6 35. Rd8+ 1-0

[Event "Memorial Romana Baka OPEN FIDE"]
[Site "Starochorzowski Dom Kultury"]
[Date "2013.09.28"]
[Round "1.5"]
[White "Matuszczyk, Krystian"]
[Black "Lis, Mateusz"]
[Result "1-0"]
[WhiteElo "2019"]
[BlackElo "1765"]
[PlyCount "71"]
[EventDate "2013.??.??"]

1. e4 c5 2. Nf3 e6 3. d4 cxd4 4. Nxd4 a6 5. c4 Nf6 6. Bd3 Bb4+ 7. Bd2 Bxd2+ 8.
Qxd2 d6 9. O-O O-O 10. Nc3 Nc6 11. Nxc6 bxc6 12. Bc2 Qc7 13. Rad1 Ne8 14. b3
Bb7 15. c5 d5 16. Na4 Nf6 17. f3 Rad8 18. Qe2 e5 19. Nb6 Qe7 20. b4 a5 21. a3
axb4 22. axb4 Nh5 23. g3 Qg5 24. exd5 cxd5 25. b5 Qe7 26. Na4 Bc8 27. f4 Nf6
28. Qxe5 Qb7 29. Qb2 Ne4 30. c6 Qc7 31. Qd4 Bg4 32. Rc1 Be2 33. b6 Qd6 34. Rfe1
Bb5 35. c7 Rc8 36. Rxe4 1-0

[Event "Memorial Romana Baka OPEN FIDE"]
[Site "Starochorzowski Dom Kultury"]
[Date "2013.09.28"]
[Round "1.6"]
[White "Rosicki, Marcin"]
[Black "Banasik, Henryk"]
[Result "0-1"]
[WhiteElo "1724"]
[BlackElo "2011"]
[PlyCount "74"]
[EventDate "2013.??.??"]

1. e4 c5 2. Nf3 Nc6 3. Nc3 Nf6 4. d4 cxd4 5. Nxd4 e5 6. Ndb5 d6 7. Bg5 a6 8.
Na3 b5 9. Nd5 Be7 10. Bxf6 Bxf6 11. c3 O-O 12. Be2 Ne7 13. Nxe7+ Qxe7 14. O-O
Bb7 15. Bd3 Rad8 16. c4 bxc4 17. Nxc4 d5 18. exd5 Bxd5 19. Qe2 e4 20. Bc2 Bxc4
21. Qxc4 Rd4 22. Qxa6 Rd2 23. Qc6 Bxb2 24. Rad1 Rxd1 25. Rxd1 f5 26. a4 e3 27.
fxe3 Qxe3+ 28. Kh1 f4 29. Qd5+ Kh8 30. Qh5 h6 31. Qg6 Kg8 32. Qh7+ Kf7 33. Bg6+
Ke7 34. Bc2 f3 35. Qe4+ Qxe4 36. Bxe4 f2 37. Bd3 Rd8 0-1

[Event "Memorial Romana Baka OPEN FIDE"]
[Site "Starochorzowski Dom Kultury"]
[Date "2013.09.28"]
[Round "1.7"]
[White "Zawierucha, Aleksander"]
[Black "Zylka, Stanislaw"]
[Result "1/2-1/2"]
[WhiteElo "2008"]
[BlackElo "1712"]
[PlyCount "80"]
[EventDate "2013.??.??"]

1. d4 d5 2. c4 c6 3. Nf3 e6 4. Qc2 Nf6 5. Bg5 Bb4+ 6. Nbd2 h6 7. Bxf6 Qxf6 8.
e3 Nd7 9. Bd3 e5 10. cxd5 cxd5 11. dxe5 Bxd2+ 12. Qxd2 Nxe5 13. Bb5+ Nc6 14.
Qxd5 O-O 15. Bxc6 bxc6 16. Qd4 Qg6 17. O-O c5 18. Qf4 Bb7 19. Rfd1 Rae8 20. Qg3
Qb6 21. Rd2 Re6 22. Nh4 Kh8 23. Rad1 Bc6 24. b3 Qb4 25. Rd6 Rfe8 26. Nf5 Qc3
27. h3 Be4 28. Rxe6 Rxe6 29. Nd6 Bg6 30. Nc4 Be4 31. Qf4 f5 32. Rd8+ Kh7 33.
Nd6 Qe1+ 34. Kh2 Bxg2 35. Qxf5+ Rg6 36. Rh8+ Kxh8 37. Qxg6 Qh1+ 38. Kg3 Qxh3+
39. Kf4 Qf3+ 40. Ke5 Qd5+ 1/2-1/2

[Event "Memorial Romana Baka OPEN FIDE"]
[Site "Starochorzowski Dom Kultury"]
[Date "2013.09.28"]
[Round "1.8"]
[White "Lendla, Janusz"]
[Black "Widera, Jan"]
[Result "0-1"]
[WhiteElo "1698"]
[BlackElo "1989"]
[PlyCount "50"]
[EventDate "2013.??.??"]

1. d4 Nf6 2. c4 c5 3. d5 e6 4. Nc3 exd5 5. cxd5 g6 6. Nf3 d6 7. e4 Bg7 8. Be2
O-O 9. Bg5 h6 10. Bh4 a6 11. a4 Bg4 12. h3 Bxf3 13. gxf3 Nbd7 14. Qd2 Re8 15.
f4 Nxe4 16. Nxe4 Qxh4 17. Nxd6 Re7 18. Rh2 h5 19. f5 Qf6 20. Nc4 Qxf5 21. O-O-O
Rxe2 22. Qxe2 Qf4+ 23. Kb1 Qxh2 24. Qe7 b5 25. Nd2 Ne5 0-1

[Event "Memorial Romana Baka OPEN FIDE"]
[Site "Starochorzowski Dom Kultury"]
[Date "2013.09.28"]
[Round "1.9"]
[White "Mucha, Piotr"]
[Black "Kostowski, Andrzej"]
[Result "1-0"]
[WhiteElo "1976"]
[BlackElo "1684"]
[PlyCount "53"]
[EventDate "2013.??.??"]

1. e4 c5 2. Nf3 Nc6 3. d4 cxd4 4. Nxd4 d6 5. Nc3 a6 6. Be3 Nf6 7. f3 Qb6 8. Qd2
Qxb2 9. Rb1 Qa3 10. g4 h6 11. h4 Nd7 12. Nd5 Qxa2 13. Rb3 Kd8 14. Qc3 Nxd4 15.
Bxd4 e5 16. Bb6+ Nxb6 17. Nxb6 Be6 18. Nxa8 Bxb3 19. cxb3 Ke7 20. Nc7 Kf6 21.
Nd5+ Kg6 22. Be2 Qb1+ 23. Bd1 Qa2 24. O-O Kh7 25. b4 b5 26. Bb3 Qa3 27. Ra1 1-0

[Event "Memorial Romana Baka OPEN FIDE"]
[Site "Starochorzowski Dom Kultury"]
[Date "2013.09.28"]
[Round "1.10"]
[White "Nowakowski, Jan"]
[Black "Kuciel, Wladyslaw"]
[Result "0-1"]
[WhiteElo "1675"]
[BlackElo "1970"]
[PlyCount "129"]
[EventDate "2013.??.??"]

1. e4 c5 2. Nf3 e6 3. c3 d5 4. e5 d4 5. cxd4 cxd4 6. Bb5+ Bd7 7. Nxd4 Qc7 8.
Bxd7+ Nxd7 9. f4 Nc5 10. d3 Nxd3+ 11. Ke2 Nxc1+ 12. Qxc1 Qd7 13. Rd1 Rc8 14.
Nc3 a6 15. a3 Bc5 16. Qd2 Ne7 17. Nf3 Qc6 18. g4 h5 19. g5 Nf5 20. Qd3 O-O 21.
Qe4 Qb6 22. Rab1 Rfd8 23. Rxd8+ Rxd8 24. b4 Bd4 25. Rc1 Be3 26. Rc2 Bg1 27. Ke1
Nd4 28. Nxd4 Rxd4 29. Qf3 Qc7 30. Kf1 Qc4+ 31. Kxg1 Rxf4 32. Qe2 Rg4+ 33. Kh1
Qc6+ 34. Ne4 Qxe4+ 35. Qxe4 Rxe4 36. Rc7 Rxe5 37. Rxb7 a5 38. b5 Re3 39. a4 Re4
40. Ra7 Rxa4 41. b6 Rb4 42. b7 Kh7 43. Kg2 Kg6 44. h4 a4 45. Kf3 a3 46. Kg3 a2
47. Rxa2 Rxb7 48. Ra3 f6 49. gxf6 gxf6 50. Rc3 Rb4 51. Kh3 Rg4 52. Rc8 e5 53.
Rg8+ Kh7 54. Rf8 Kg7 55. Re8 Ra4 56. Re7+ Kg6 57. Re8 Ra3+ 58. Kg2 Kf5 59. Rf8
e4 60. Rf7 Ra6 61. Rg7 Kf4 62. Rg6 e3 63. Kf1 Kf3 64. Ke1 e2 65. Kd2 0-1

[Event "Memorial Romana Baka OPEN FIDE"]
[Site "Starochorzowski Dom Kultury"]
[Date "2013.09.28"]
[Round "1.11"]
[White "Wiecek, Pawel"]
[Black "Mandla, Maciej"]
[Result "1-0"]
[WhiteElo "1957"]
[BlackElo "1673"]
[PlyCount "55"]
[EventDate "2013.??.??"]

1. d4 Nf6 2. c4 g6 3. Nc3 Bg7 4. e4 d6 5. f4 O-O 6. Be2 c5 7. Nf3 cxd4 8. Nxd4
Qb6 9. Be3 e5 10. Nf5 Qxb2 11. Ne7+ Kh8 12. Rc1 exf4 13. Bd4 Bg4 14. Bxg4 Nxg4
15. Bxg7+ Kxg7 16. Rc2 Qb4 17. Qxg4 Qxc4 18. Nf5+ Kh8 19. Nxd6 Qd3 20. Qd1 Qe3+
21. Qe2 Qb6 22. Qd2 Nc6 23. Rb2 Qc5 24. Nxb7 Qc4 25. Nd6 Qc5 26. Rb5 Qa3 27.
Rb3 Qc5 28. Qd5 1-0

[Event "Memorial Romana Baka OPEN FIDE"]
[Site "Starochorzowski Dom Kultury"]
[Date "2013.09.28"]
[Round "1.12"]
[White "Grabarczyk, Sylwester"]
[Black "Jacel, Lukasz"]
[Result "1/2-1/2"]
[WhiteElo "1666"]
[BlackElo "1917"]
[PlyCount "111"]
[EventDate "2013.??.??"]

1. e4 c5 2. Nf3 Nf6 3. e5 Nd5 4. d4 cxd4 5. Nxd4 d6 6. Bb5+ Bd7 7. e6 fxe6 8.
O-O Nc6 9. Nf3 g6 10. Ng5 Bg7 11. Bc4 Nc7 12. h4 Ne5 13. Be2 O-O 14. Nc3 d5 15.
h5 Be8 16. h6 Bf6 17. f4 Nf7 18. Bg4 Qd6 19. Qe2 Bxc3 20. bxc3 Bb5 21. Nxf7
Bxe2 22. Nxd6 Bxf1 23. Nxb7 Bb5 24. Nc5 e5 25. Ne6 Rfc8 26. fxe5 Bd7 27. Nxc7
Rxc7 28. e6 Ba4 29. Bf3 Rxc3 30. Bxd5 Rd8 31. Be4 Rd1+ 32. Kh2 Rc4 33. Rb1 Rd8
34. Bd3 Bxc2 35. Bxc2 Rxc2 36. Bg5 Rc5 37. Bxe7 Rh5+ 38. Kg1 Re8 39. Rb7 Rxh6
40. Rxa7 Rh5 41. a4 Re5 42. a5 Rxe6 43. Bc5 Re5 44. Bd6 Rd5 45. Bb4 Re4 46. Rb7
Rd1+ 47. Kh2 Rb1 48. a6 Rexb4 49. a7 Rxb7 50. a8=Q+ Kg7 51. Qd8 R1b4 52. Qg5 h5
53. Qe5+ Kh7 54. Qf6 Rg4 55. Qd8 Rf7 56. Kh3 1/2-1/2

[Event "Memorial Romana Baka OPEN FIDE"]
[Site "Starochorzowski Dom Kultury"]
[Date "2013.09.28"]
[Round "1.13"]
[White "Cieraszewski, Piotr"]
[Black "Ochowicz, Jakub"]
[Result "1/2-1/2"]
[WhiteElo "1917"]
[BlackElo "1619"]
[PlyCount "45"]
[EventDate "2013.??.??"]

1. d4 Nf6 2. c4 g6 3. Nc3 Bg7 4. Nf3 d6 5. e4 Nbd7 6. g3 O-O 7. Bg2 e5 8. dxe5
dxe5 9. O-O c6 10. h3 Qe7 11. Qc2 a5 12. a4 Rd8 13. Be3 Nc5 14. b3 Bd7 15. Rfd1
Be8 16. Ne1 Nfd7 17. Rd2 Na6 18. Nd3 Ndc5 19. Nxc5 Nxc5 20. Rad1 Rxd2 21. Rxd2
Bf8 22. Qd1 Qc7 23. Ne2 1/2-1/2

[Event "Memorial Romana Baka OPEN FIDE"]
[Site "Starochorzowski Dom Kultury"]
[Date "2013.09.28"]
[Round "1.14"]
[White "Domanski, Lukasz"]
[Black "Jopek, Krzysztof"]
[Result "0-1"]
[WhiteElo "1587"]
[BlackElo "1899"]
[PlyCount "58"]
[EventDate "2013.??.??"]

1. e4 e6 2. d4 d5 3. exd5 exd5 4. Nf3 Bd6 5. c4 Nf6 6. Nc3 O-O 7. cxd5 h6 8. h3
Nbd7 9. Bd3 Nb6 10. O-O Nbxd5 11. Bc4 Be6 12. Qb3 Nxc3 13. bxc3 Bxc4 14. Qxc4
Nd5 15. Kh1 c6 16. Qb3 Qb6 17. c4 Nf4 18. Qc2 Qd8 19. Be3 Qf6 20. Qd2 Rfd8 21.
Ne5 Bxe5 22. dxe5 Qg6 23. Qxd8+ Rxd8 24. Bxf4 Qe4 25. Be3 b6 26. Rfe1 Qxc4 27.
Rec1 Qd5 28. Re1 c5 29. Rac1 Rd7 0-1

[Event "Memorial Romana Baka OPEN FIDE"]
[Site "Starochorzowski Dom Kultury"]
[Date "2013.09.28"]
[Round "1.15"]
[White "Szczecina, Kamil"]
[Black "Kotula, Magdalena"]
[Result "1-0"]
[WhiteElo "1894"]
[BlackElo "1563"]
[PlyCount "71"]
[EventDate "2013.??.??"]

1. Nf3 Nf6 2. g3 Nc6 3. Bg2 e5 4. d3 d5 5. O-O Bc5 6. c3 e4 7. dxe4 Nxe4 8. b4
Nxf2 9. Rxf2 Bxf2+ 10. Kxf2 O-O 11. Bf4 Bg4 12. Na3 a5 13. Nc2 axb4 14. Nxb4
Nxb4 15. cxb4 c6 16. Qd4 Re8 17. Bh6 Qf6 18. Qxf6 gxf6 19. a4 Re4 20. Bd2 Rae8
21. e3 d4 22. Re1 dxe3+ 23. Rxe3 Rxe3 24. Bxe3 Rd8 25. Nd4 Bd1 26. a5 Ba4 27.
Ke2 Re8 28. Kd3 Re5 29. Be4 Kf8 30. Bf4 Rh5 31. h4 Bb5+ 32. Nxb5 Rxb5 33. Bd6+
Kg7 34. Bc5 f5 35. Bxf5 h5 36. Kd4 1-0

[Event "Memorial Romana Baka OPEN FIDE"]
[Site "Starochorzowski Dom Kultury"]
[Date "2013.09.28"]
[Round "1.17"]
[White "Gromada, Andrzej"]
[Black "Pasieka, Marcin"]
[Result "1-0"]
[WhiteElo "1874"]
[BlackElo "1514"]
[PlyCount "85"]
[EventDate "2013.??.??"]

1. d4 Nf6 2. c4 e6 3. Nf3 b6 4. Nc3 Bb7 5. a3 Ne4 6. d5 Nxc3 7. bxc3 d6 8. e4
e5 9. Bd3 Be7 10. O-O Nd7 11. Be3 O-O 12. Nd2 Bf6 13. Be2 a5 14. g3 Nc5 15. h4
Ba6 16. Kg2 g6 17. Rh1 Qe7 18. Qc2 Rae8 19. Rag1 Bg7 20. g4 Bc8 21. Kf1 f6 22.
Ke1 Kf7 23. Nf1 Rg8 24. Ng3 Ref8 25. g5 Ke8 26. gxf6 Bxf6 27. h5 g5 28. h6 Kd8
29. Qd1 g4 30. Rh5 Bh8 31. Qd2 Bd7 32. Bd1 Kc8 33. Bc2 Be8 34. Nf5 Rxf5 35.
Rxf5 Bf6 36. Qe2 Qd8 37. Rxg4 Rxg4 38. Qxg4 Bd7 39. Qf3 Bxf5 40. Qxf5+ Nd7 41.
Qxh7 Bg5 42. Ba4 Nf8 43. Qf5+ 1-0

[Event "Memorial Romana Baka OPEN FIDE"]
[Site "Starochorzowski Dom Kultury"]
[Date "2013.09.28"]
[Round "1.18"]
[White "Stemplewski, Kamil"]
[Black "Blasiak, Miroslaw"]
[Result "1/2-1/2"]
[WhiteElo "1505"]
[BlackElo "1870"]
[PlyCount "63"]
[EventDate "2013.??.??"]

1. e4 e5 2. Nf3 Nc6 3. Bb5 a6 4. Bxc6 dxc6 5. O-O f6 6. d4 Bg4 7. dxe5 Qxd1 8.
Rxd1 fxe5 9. Be3 Bd6 10. Nc3 Nf6 11. Rd3 O-O 12. Nd2 Be6 13. f3 Rad8 14. Nb3 b6
15. Rad1 Be7 16. Rxd8 Rxd8 17. Rxd8+ Bxd8 18. Nc1 Be7 19. Nd3 Nd7 20. Kf2 a5
21. b3 Bd6 22. g3 g6 23. f4 h5 24. Nxe5 Nxe5 25. fxe5 Bxe5 26. Ne2 Kf7 27. Bf4
Bd6 28. Nd4 Bd7 29. Ke3 b5 30. Nf3 c5 31. Ne5+ Bxe5 32. Bxe5 1/2-1/2

[Event "Memorial Romana Baka OPEN FIDE"]
[Site "Starochorzowski Dom Kultury"]
[Date "2013.09.28"]
[Round "1.19"]
[White "Stepaniec, Lukasz"]
[Black "Grzesiek, Wiktoria"]
[Result "1/2-1/2"]
[WhiteElo "1857"]
[BlackElo "1434"]
[PlyCount "97"]
[EventDate "2013.??.??"]

1. Nf3 Nf6 2. c4 g6 3. Nc3 Bg7 4. d4 O-O 5. e4 d6 6. Be2 Nbd7 7. h3 e5 8. Be3
h6 9. Qd2 Kh7 10. Rd1 Re8 11. O-O exd4 12. Bxd4 Nxe4 13. Nxe4 Rxe4 14. Bxg7
Kxg7 15. Bd3 Re8 16. Rfe1 Nf6 17. Qc3 Be6 18. b3 Qd7 19. c5 d5 20. Ne5 Qc8 21.
Re3 Qd8 22. Bc2 c6 23. Rg3 g5 24. h4 Nh5 25. Nxc6+ Qf6 26. Qxf6+ Kxf6 27. Rf3+
Nf4 28. hxg5+ hxg5 29. Nb4 Bg4 30. Nxd5+ Kg7 31. Nc7 Bxf3 32. gxf3 Re2 33. Nxa8
Rxc2 34. b4 Nh3+ 35. Kh2 Nxf2 36. Rd7 Nd3+ 37. Kg3 Nxb4 38. a3 Na6 39. Rxb7
Nxc5 40. Rxa7 Rc3 41. Nb6 Kg6 42. Nd5 Rb3 43. Ne7+ Kf6 44. Nc6 Kg6 45. Ne5+ Kf5
46. Nxf7 Ne4+ 47. Kg2 Rb2+ 48. Kf1 Rf2+ 49. Kg1 1/2-1/2

[Event "Memorial Romana Baka OPEN FIDE"]
[Site "Starochorzowski Dom Kultury"]
[Date "2013.09.28"]
[Round "1.20"]
[White "Wojkowski, Mariusz"]
[Black "Sobek, Piotr"]
[Result "1-0"]
[WhiteElo "1358"]
[BlackElo "1840"]
[PlyCount "103"]
[EventDate "2013.??.??"]

1. Nf3 d5 2. d4 Nf6 3. c4 dxc4 4. e3 b5 5. a4 c6 6. axb5 cxb5 7. b3 Qc7 8. bxc4
bxc4 9. Ra4 c3 10. Rc4 Qd8 11. Rxc3 e6 12. Bd3 Bd7 13. Ba3 Nd5 14. Rb3 Bxa3 15.
Rxa3 O-O 16. O-O Nc6 17. Nc3 Qe7 18. Qc1 Ndb4 19. Bb1 Rac8 20. Qd2 Rfd8 21. Ne4
Nd5 22. Nc5 Be8 23. Bd3 Ncb4 24. Rfa1 Rc7 25. Bf1 Nc6 26. Bb5 Nf6 27. Qa2 Nb4
28. Qb3 Bxb5 29. Qxb4 Be8 30. Ra6 Ne4 31. Nd3 Qxb4 32. Nxb4 Ra8 33. g3 Bd7 34.
Ne5 Bc8 35. Rc6 Rb7 36. Nbd3 h6 37. f3 Nd2 38. Nc5 Re7 39. Rd1 f6 40. Ng6 Nxf3+
41. Kf2 Rf7 42. Kxf3 Kh7 43. Nf4 e5 44. Nfe6 a5 45. d5 a4 46. d6 a3 47. d7 Rxd7
48. Nf8+ Kg8 49. Nfxd7 a2 50. Ra1 Kf7 51. Rxc8 Rxc8 52. Rxa2 1-0

[Event "Memorial Romana Baka OPEN FIDE"]
[Site "Starochorzowski Dom Kultury"]
[Date "2013.09.28"]
[Round "1.16"]
[White "Mucha, Marek"]
[Black "Rak, Dariusz"]
[Result "1/2-1/2"]
[WhiteElo "1546"]
[BlackElo "1885"]
[PlyCount "109"]
[EventDate "2013.??.??"]

1. f4 d5 2. Nf3 c5 3. e3 Nc6 4. Bb5 e6 5. O-O Bd6 6. b3 Qf6 7. Nc3 Nge7 8. Bb2
Qh6 9. Qe1 f6 10. Ne2 O-O 11. Kh1 e5 12. Bxc6 Nxc6 13. Qh4 Qxh4 14. Nxh4 e4 15.
f5 Re8 16. g4 b6 17. a3 Ba6 18. Rf2 Ne5 19. Rg1 Nf3 20. Nxf3 exf3 21. Ng3 Bb7
22. g5 Bxg3 23. Rxg3 fxg5 24. Rxg5 d4 25. Kg1 Rad8 26. h4 Re5 27. exd4 cxd4 28.
Rg4 Rxf5 29. Bxd4 g6 30. Bc3 Kf7 31. Ra4 a6 32. Rc4 Rd7 33. Kh2 h6 34. Kg3 g5
35. Kg4 Ke6 36. Rb4 b5 37. a4 Rdf7 38. hxg5 Rxg5+ 39. Kh3 Rff5 40. axb5 axb5
41. d3 Rg2 42. Rxg2 fxg2 43. Bd4 Rh5+ 44. Kg3 Rg5+ 45. Kh2 Rh5+ 46. Kg3 Rh1 47.
Rxb5 g1=Q+ 48. Bxg1 Rxg1+ 49. Kf2 Rg2+ 50. Kf1 Bc6 51. Rc5 Bf3 52. b4 Rg5 53.
Rc8 h5 54. c4 h4 55. Rh8 1/2-1/2

[Event "Memorial Romana Baka OPEN FIDE"]
[Site "Starochorzowski Dom Kultury"]
[Date "2013.09.28"]
[Round "2.1"]
[White "Kuciel, Wladyslaw"]
[Black "Stachanczyk, Jacek"]
[Result "1-0"]
[WhiteElo "1970"]
[BlackElo "2227"]
[PlyCount "77"]
[EventDate "2013.??.??"]

1. d4 d5 2. Nf3 Nf6 3. c4 c6 4. Nc3 dxc4 5. a4 Bf5 6. e3 e6 7. Bxc4 Bb4 8. O-O
O-O 9. Qe2 Bg4 10. Rd1 Qa5 11. e4 Qh5 12. h3 Bxf3 13. Qxf3 Qxf3 14. gxf3 Nbd7
15. Be3 Rfd8 16. Bb3 Nf8 17. Ne2 Ng6 18. Kg2 Nh5 19. f4 Kf8 20. Kf3 Rd7 21. a5
a6 22. Nc1 Nf6 23. Nd3 Be7 24. Ne5 Nh4+ 25. Ke2 Rdd8 26. f3 Bd6 27. f5 exf5 28.
Nxf7 fxe4 29. fxe4 Nxe4 30. Nxd8 Rxd8 31. Rf1+ Ke8 32. Kd3 Nf6 33. Bg5 Be5 34.
Rae1 Rxd4+ 35. Kc2 Ng6 36. Bxf6 gxf6 37. Rxf6 Kd7 38. Rxg6 hxg6 39. Rxe5 1-0

[Event "Memorial Romana Baka OPEN FIDE"]
[Site "Starochorzowski Dom Kultury"]
[Date "2013.09.28"]
[Round "2.2"]
[White "Raszka, Janusz"]
[Black "Wiecek, Pawel"]
[Result "1/2-1/2"]
[WhiteElo "2192"]
[BlackElo "1957"]
[PlyCount "68"]
[EventDate "2013.??.??"]

1. e4 e5 2. Nf3 Nf6 3. Nc3 Bb4 4. Bc4 O-O 5. Qe2 Nc6 6. O-O Nd4 7. Nxd4 exd4 8.
Nd5 Nxd5 9. Bxd5 c6 10. Bb3 Qe7 11. Qf3 d6 12. d3 Be6 13. Qg3 Bxb3 14. axb3 f5
15. f3 fxe4 16. Bg5 Qe5 17. Qxe5 dxe5 18. dxe4 Bc5 19. Kh1 h6 20. Bh4 Bb6 21.
Rfd1 Kf7 22. Rd3 Ke6 23. Kg1 Rac8 24. Kf1 c5 25. c4 dxc3 26. Rxc3 g5 27. Bf2
Rfd8 28. Ke2 Rd6 29. Rac1 c4 30. R1c2 Bxf2 31. Kxf2 cxb3 32. Rxc8 bxc2 33. Rxc2
Kd7 34. Ke3 Rb6 1/2-1/2

[Event "Memorial Romana Baka OPEN FIDE"]
[Site "Starochorzowski Dom Kultury"]
[Date "2013.09.28"]
[Round "2.3"]
[White "Jopek, Krzysztof"]
[Black "Morkisz, Bogdan"]
[Result "0-1"]
[WhiteElo "1899"]
[BlackElo "2134"]
[PlyCount "104"]
[EventDate "2013.??.??"]

1. d4 e6 2. c4 f5 3. g3 Nf6 4. Bg2 d5 5. Nc3 c6 6. Nh3 Be7 7. O-O O-O 8. b3 Qe8
9. Bb2 Bd6 10. Rc1 Qh5 11. e3 Ng4 12. Ne2 g5 13. Nc3 Nd7 14. cxd5 exd5 15. Qe2
Ndf6 16. f4 h6 17. Rc2 Bd7 18. Nd1 Rae8 19. Bc1 gxf4 20. gxf4 Ne4 21. Nc3 Kh7
22. Qf3 Rg8 23. Kh1 Rg7 24. Ne2 Reg8 25. Neg1 Qh4 26. Qe2 Be8 27. Nf3 Qe7 28.
Rg1 Bh5 29. Qf1 Nef6 30. Qd3 Ne4 31. Qf1 Ngf6 32. Ne5 Ng4 33. Nf3 Qf6 34. Ne5
Qh4 35. Nf3 Qd8 36. Ne5 Ngf6 37. Nf3 Bxf3 38. Qxf3 Ng4 39. Bd2 Qe7 40. Be1 Nef6
41. Re2 Ne4 42. Rc2 Qf7 43. Bd2 Qh5 44. Be1 Be7 45. Re2 Bh4 46. Bxh4 Qxh4 47.
Qf1 b6 48. Qf3 c5 49. dxc5 bxc5 50. Qf1 Rc7 51. Bxe4 dxe4 52. Re1 Qxh3 0-1

[Event "Memorial Romana Baka OPEN FIDE"]
[Site "Starochorzowski Dom Kultury"]
[Date "2013.09.28"]
[Round "2.4"]
[White "Szczecina, Kamil"]
[Black "Matuszczyk, Krystian"]
[Result "0-1"]
[WhiteElo "1894"]
[BlackElo "2019"]
[PlyCount "59"]
[EventDate "2013.??.??"]

1. e4 d6 2. d4 g6 3. c3 Bg7 4. Bd3 Nf6 5. f4 O-O 6. Nf3 c6 7. O-O Bg4 8. Be3
Na6 9. Nbd2 Nc7 10. h3 Bd7 11. Qb3 Qc8 12. Rae1 Nh5 13. Kh2 Nf6 14. c4 a5 15.
c5 a4 16. Qc2 Be6 17. a3 dxc5 18. dxc5 Nb5 19. Nc4 Qc7 20. Nb6 Rad8 21. Nxa4
Nh5 22. e5 Bh6 23. Nd2 Nd4 24. Qc3 Nf5 25. g4 Nxe3 26. gxh5 Nxf1+ 27. Rxf1 Qd7
28. Rf3 Bxf4+ 29. Kg2 Bxd2 30. Qxd2 0-1

[Event "Memorial Romana Baka OPEN FIDE"]
[Site "Starochorzowski Dom Kultury"]
[Date "2013.09.28"]
[Round "2.5"]
[White "Banasik, Henryk"]
[Black "Gromada, Andrzej"]
[Result "1-0"]
[WhiteElo "2011"]
[BlackElo "1874"]
[PlyCount "53"]
[EventDate "2013.??.??"]

1. e4 e5 2. Nf3 Nc6 3. d4 exd4 4. Bc4 Nf6 5. e5 Ne4 6. Qe2 Nc5 7. O-O Be7 8.
Rd1 Ne6 9. Bxe6 fxe6 10. Nxd4 Nxd4 11. Rxd4 O-O 12. Nc3 Rf5 13. Rf4 Qf8 14. Qe4
g6 15. g4 Rxf4 16. Bxf4 a6 17. Rd1 Rb8 18. Qe3 d5 19. exd6 Bxd6 20. Bh6 Qe7 21.
Bg5 Qf8 22. Ne4 Be7 23. Bxe7 Qxe7 24. g5 b5 25. Nf6+ Kh8 26. Qe5 Ra8 27. Rd8+
1-0

[Event "Memorial Romana Baka OPEN FIDE"]
[Site "Starochorzowski Dom Kultury"]
[Date "2013.09.28"]
[Round "2.6"]
[White "Widera, Jan"]
[Black "Klementys, Jerzy"]
[Result "1-0"]
[WhiteElo "1989"]
[BlackElo "1766"]
[PlyCount "59"]
[EventDate "2013.??.??"]

1. e4 c5 2. c4 Nc6 3. Nc3 g6 4. g3 Bg7 5. Bg2 e6 6. Nge2 Nge7 7. a3 O-O 8. Rb1
a5 9. O-O d6 10. d3 Bd7 11. Be3 e5 12. b3 f5 13. Qd2 Nd4 14. f4 Nec6 15. Nd5
Nxe2+ 16. Qxe2 Nd4 17. Bxd4 cxd4 18. fxe5 dxe5 19. Ra1 Rb8 20. b4 b5 21. c5 a4
22. Rac1 Qe8 23. c6 Bxc6 24. Rxc6 Kh8 25. Rc7 Rc8 26. Qc2 Rxc7 27. Qxc7 fxe4
28. Bxe4 Rxf1+ 29. Kxf1 Bh6 30. Nf6 1-0

[Event "Memorial Romana Baka OPEN FIDE"]
[Site "Starochorzowski Dom Kultury"]
[Date "2013.09.28"]
[Round "2.7"]
[White "Wojkowski, Mariusz"]
[Black "Mucha, Piotr"]
[Result "1-0"]
[WhiteElo "1358"]
[BlackElo "1976"]
[PlyCount "95"]
[EventDate "2013.??.??"]

1. d4 Nf6 2. Nf3 g6 3. g3 Bg7 4. Bg2 O-O 5. O-O d6 6. Nc3 Nbd7 7. Be3 c5 8. h3
cxd4 9. Nxd4 a6 10. Qd2 Ne5 11. b3 Qc7 12. Na4 Rb8 13. c4 Bd7 14. Nb6 Be8 15.
Rfc1 e6 16. a4 Nc6 17. a5 Nxd4 18. Bxd4 Qe7 19. Ra2 Bc6 20. Rac2 Bxg2 21. Kxg2
Rfd8 22. Qe3 e5 23. Nd5 Nxd5 24. cxd5 Qf8 25. Bb6 Bh6 26. Qc3 Rd7 27. e3 Re8
28. Qc8 Rde7 29. Qc4 f5 30. Qb4 Rf7 31. Bc7 Rf6 32. Qxb7 f4 33. Bb6 fxe3 34.
Bxe3 Bxe3 35. fxe3 Rb8 36. Qxb8 Qxb8 37. Rc8+ Rf8 38. Rxb8 Rxb8 39. Rc6 Rxb3
40. e4 Re3 41. Rxa6 Rxe4 42. Rxd6 Ra4 43. Rd8+ Kf7 44. Ra8 Kf6 45. a6 Kf5 46.
a7 Ke4 47. h4 g5 48. hxg5 1-0

[Event "Memorial Romana Baka OPEN FIDE"]
[Site "Starochorzowski Dom Kultury"]
[Date "2013.09.28"]
[Round "2.8"]
[White "Ochowicz, Jakub"]
[Black "Zawierucha, Aleksander"]
[Result "0-1"]
[WhiteElo "1619"]
[BlackElo "2008"]
[PlyCount "76"]
[EventDate "2013.??.??"]

1. e4 Nf6 2. e5 Nd5 3. d4 d6 4. c4 Nb6 5. exd6 exd6 6. Nf3 Bg4 7. Be2 Be7 8.
Be3 O-O 9. O-O Nc6 10. Nbd2 Re8 11. d5 Ne5 12. Nxe5 Bxe2 13. Qxe2 dxe5 14. Rfd1
Bg5 15. Bxg5 Qxg5 16. Ne4 Qg6 17. d6 cxd6 18. Nxd6 Re7 19. Rac1 Qe6 20. c5 Nd5
21. Qc4 Nf4 22. Qxe6 Nxe6 23. b4 Rd8 24. Rd2 Red7 25. Kf1 Kf8 26. Rdc2 b6 27.
Nb5 Nf4 28. f3 Nd5 29. c6 Ne3+ 30. Ke1 Nxc2+ 31. Rxc2 Re7 32. c7 Rc8 33. Rd2
Rexc7 34. Nxc7 Rxc7 35. Ke2 Ke7 36. g4 h6 37. h4 Rc1 38. Rb2 Rh1 0-1